Ψυχολογία των όχλων
Saved in:
| Main Author: | |
|---|---|
| Format: | Book |
| Language: | Greek French |
| Published: |
[Αθήνα] :
Γερ. Αναγνωστίδης,
[19--], c1895.
|
| Subjects: | |
| Tags: |
Add Tag
No Tags, Be the first to tag this record!
|
MARC
| LEADER | 00000cam a2200000 i 4500 | ||
|---|---|---|---|
| 001 | 1/22099 | ||
| 008 | 931006q19501986gr | ||| |||| ||gre|| | ||
| 035 | |b 3 |c Αγορά/Τσιάκαλος |a 1986 |l 10036474 | ||
| 040 | |a GR-MY-UA |b gre |e aacr | ||
| 041 | 1 | |a gre |h fre | |
| 082 | 7 | |a 302 |2 (22) | |
| 100 | 1 | |a Le Bon, Gustave, |d 1841-1931. | |
| 245 | 1 | 0 | |a Ψυχολογία των όχλων / |c Γουσταύου Λε Μπόν ; προεισαγωγή: Otto Kineberc ; μετάφραση: Γρηγ. Λιόνη |
| 260 | |a [Αθήνα] : |b Γερ. Αναγνωστίδης, |c [19--], c1895. | ||
| 300 | |a 174 σ. ; |c 21 εκ. | ||
| 500 | |a Τίτλος πρωτοτύπου: Psychologie des foules. | ||
| 650 | 0 | 0 | |a Social psychology. |
| 650 | 0 | 0 | |a Political psychology. |
| 650 | 0 | 0 | |a Ethnopsychology. |
| 852 | |a INST |b RHODES |e 19931006 |h 302 LEB |p 005400003951 |q 005400003951 |t BK |y 0 | ||
| 909 | |a Ρ |b 003402 | ||
| 970 | |z 06-10-1993 | ||